00607nam a2200157Ia 4500008004100000100002300041245009900064245004400163260005300207260000900260300001200269650001500281856006100296999001900357952007300376170221s9999 xx 000 0 und d aNoor Hadzlida Ayob aPreliminary Validation on the Factors Influence Political Belief of Flood Victims in Malaysia  cNoor Hadzlida Ayob, Mohd Fo’ad Sakdan bInternational Review of Management and Marketing c2016 a15 : 17 xMarketing. uhttp://www.econjournals.com/index.php/irmm/issue/view/97 c312216d312216 001040aCLbCLd2017-02-21l0r2017-02-21 00:00:00w2017-02-21yFOJ